[Event "Quebec op"]
[Site "Montreal"]
[Date "1989.07.22"]
[Round "1"]
[White "Barbeau, Sylvain"]
[Black "Daigle, Gilles"]
[Result "1/2-1/2"]
[WhiteElo "2337"]
[BlackElo "1854"]
[PlyCount "96"]
[EventDate "1989.07.22"]
[EventType "swiss"]
[EventRounds "8"]
[EventCountry "CAN"]
[SourceTitle "EXT 2022"]
[Source "ChessBase"]
[SourceDate "2021.10.06"]
[SourceVersion "1"]
[SourceVersionDate "2021.10.06"]
[SourceQuality "1"]

1. d4 Nf6 2. Nf3 g6 3. Bg5 Bg7 4. Nbd2 d5 5. c3 0-0 6. b4 Nbd7 7. e3 a5 8. a4 Nb6 9. Be2 Qe8 10. b5 Nfd7 11. 0-0 e5 12. Bh4 h6 13. Rc1 f5 14. dxe5 Nxe5 15. Bg3 Bd7 16. Nxe5 Bxe5 17. Bxe5 Qxe5 18. c4 c6 19. c5 Nc8 20. Nf3 Qf6 21. Qd4 Ne7 22. Ne5 Be8 23. Rb1 g5 24. bxc6 Bxc6 25. Nxc6 bxc6 26. Rb7 Qxd4 27. exd4 Ng6 28. g3 f4 29. Bd3 Rf6 30. Rc1 fxg3 31. hxg3 Nf8 32. Rc7 Re8 33. Ra7 Ne6 34. Rd1 Ref8 35. Rd2 g4 36. Bf1 h5 37. Rxa5 h4 38. Bg2 h3 39. Bh1 h2+ 40. Kxh2 Rxf2+ 41. Rxf2 Rxf2+ 42. Kg1 Ra2 43. Ra6 Ra1+ 44. Kf2 Rxh1 45. Rxc6 Nxd4 46. Rd6 Rh2+ 47. Kg1 Ra2 48. c6 Nxc6 1/2-1/2